BS Stands For This - Statistics

General Stats
  • This quiz has been taken 29 times
    15 since last reset
  • The average score is 23 of 51
Answer Stats
Hint Answer % Correct
Another Swimming Stroke Backstroke
92%
Baa Baa _____ _____, Have You Any Wool? Black Sheep
92%
Keyboard Key that Also Means, "Delete Backspace
85%
__________ Galactica Battlestar
85%
TV is to Small Screen as Movies are to Big Screen
85%
Attracted to Both Genders Bisexual
85%
Swimming Stroke Breaststroke
85%
Diabetics Can Have Low or High Levels of This Blood Sugar
77%
Learning About Scripture Bible Study
69%
Candace is a ___ ______ to Phineas and Ferb Big Sister
69%
Police Division that Stops Explosives Bomb Squad
69%
Barnes and Noble Book Store
69%
College Degree Bachelor of Science
62%
Pro Tip: Don't be a _______ Driver. Backseat
62%
Where the Actors Who Aren't On Stage Can Be Found Back Stage
62%
Between Alaska and Russia Bering Strait
62%
Band Ozzy Osbourne was Part of Black Sabbath
62%
Inland Sea Between Ukraine and Turkey Black Sea
62%
You Need to Check this When Changing Lanes Blind Spot
62%
You See This Looking Up During the Day Blue Sky
62%
Motto: Be Prepared Boy Scouts
62%
Connects Brain to Nervous System Brain Stem
62%
Another Word for Traitor Backstabber
54%
Son of Homer Bart Simpson
54%
Main Character in Twilight Bella Swan
54%
Born to Run Singer Bruce Springsteen
54%
Country Code for a Caribbean Nation Near Florida Bahamas
46%
Maryland Newspaper Baltimore Sun
46%
Often Associated with Cinnamon Brown Sugar
46%
You'll Probably Need to Know this if You Take Public Transportation Bus Schedule
46%
Ice Cream and Fruit Banana Split
38%
If you want to survive, you have to __ _____ Be Smart
38%
Common Teenage Job Baby Sitter
31%
Happens in August or September Back to School
31%
Something Found Under the Covers Bed Sheets
31%
City on the Spanish Riviera Barcelona, Spain
23%
New York (not NYC) NHL Team Buffalo Sabres
23%
Southeast European Capital City Belgrade, Serbia
15%
Central European Capital City #1 Bern, Switzerland
15%
Taylor Swift Song Blank Space
15%
The Bane of All Mariokart Players Blue Shell
15%
A Spark of Inspiration Brain Storm
15%
Central European Capital City #2 Bratislava, Slovakia
15%
"I'm A Slave 4 U" Britney Spears
15%
Milton Bradley Board Game Battleship
8%
A Generalization Blanket Statement
8%
CBS: Columbia ____________ ______ Broadcasting System
8%
__________ Quartet Barber Shop
0%
Video Game Set in the City of Rapture Bioshock
0%
Whiteout Conditions Blowing Snow
0%
A DCI Drum Corps From Wisconsin Blue Stars
0%
No matching quizzes found
Score Distribution
Percent of People with Each Score
Percentile by Number Answered
Your Score History
You have not taken this quiz since the last reset